FAO quarterly bulletin of statistics; Vol.11 - 3/4 Boletín trimestral FAO de estadísticas,Bulletin trimestriel FAO de statistiques
This book presents the most up-to-date statistics on agricultural production. In the light of this, the most recent year's crop and livestock data and that of the years immediately preceding will be show
Đã lưu trong:
| 主要作者: | |
|---|---|
| 格式: | 圖書 |
| 語言: | Undetermined |
| 出版: |
Rome, Italy
FAO
1998
|
| 主題: | |
| 標簽: |
添加標簽
沒有標簽, 成為第一個標記此記錄!
|
| Thư viện lưu trữ: | Trung tâm Học liệu Trường Đại học Cần Thơ |
|---|
| LEADER | 00806nam a2200205Ia 4500 | ||
|---|---|---|---|
| 001 | CTU_29861 | ||
| 008 | 210402s9999 xx 000 0 und d | ||
| 082 | |a 310 | ||
| 082 | |b F218/Vol.11 - 3/4 | ||
| 100 | |a FAO | ||
| 245 | 0 | |a FAO quarterly bulletin of statistics; Vol.11 - 3/4 | |
| 245 | 0 | |b Boletín trimestral FAO de estadísticas,Bulletin trimestriel FAO de statistiques | |
| 245 | 0 | |c FAO | |
| 260 | |a Rome, Italy | ||
| 260 | |b FAO | ||
| 260 | |c 1998 | ||
| 520 | |a This book presents the most up-to-date statistics on agricultural production. In the light of this, the most recent year's crop and livestock data and that of the years immediately preceding will be show | ||
| 650 | |a agriculture - statistiques | ||
| 904 | |i Minh, 990429 | ||
| 980 | |a Trung tâm Học liệu Trường Đại học Cần Thơ | ||